000 00654nam a22002177a 4500
999 _c192986
_d192986
005 20221012141218.0
010 _aB-
020 _a9789352665563
_c495.00
035 _aB-
037 _bPrabhat Paperbacks
082 _a352.6076
100 _aRamaswamy B.
245 _aEthics, Integrity and Aptitude/
_cB. Ramaswamy
260 _aNew Delhi
_bPrabhat Paperbacks
_c2018
270 _a4/19 Asaf Ali Road,
_bNew Delhi
_e110002
300 _axxviii, 592p.
_c24cm (pbk)
700 _aPushpa, Sasikala
700 _a.
942 _2ddc
_cEN
_mRAM
_h352.6076